000 00745nam a2200265 i 4500
001 C2-0220983
003 PPAK
005 20180728150729.0
008 991009s1997 my a|||| ||||| | may d
020 _a9838751723
040 _aPPAK
_beng
_cPPAK
_erda
082 0 4 _a297.5
_223
090 0 0 _a297.5
_bWSU
_dK
100 0 _aW.S. Uzala,
_eauthor
245 1 0 _aKisah sedih Murni dan Asidah
264 1 _aKlang, Selangor :
_bPustaka Mawar ,
_c1997
300 _a60 pages :
_billustrations ;
_c22 cm
336 _2rdacontent
_atext
337 _2rdamedia
_aunmediated
338 _2rdacarrier
_avolume
490 1 _aSiri Motivasi Akhlak
650 1 0 _aEthics - Religious aspects - Islam
830 0 _aSiri Motivasi Akhlak
942 _ddc
_cB
999 _c142744
_d142744